00430cam a2200157ua 4500020001000000041001000010082002000020100001700040245011400057250001200171260004200183300001200225365001000237504000500247700002000252 c30.00 aengh a658.501bJAI/IN aJain, K C . aIndustrial engineering management science and general mechanical engineering / cK C Jain.hTextual Documents a1 / b. aDelhi : bKhanna publishers , c1982. a485 ; . a30.00 a1 aAgarwal, L N .